<?xml version="1.0" encoding="UTF-8"?>
<record
    xmlns:xsi="http://www.w3.org/2001/XMLSchema-instance"
    xsi:schemaLocation="http://www.loc.gov/MARC21/slim http://www.loc.gov/standards/marcxml/schema/MARC21slim.xsd"
    xmlns="http://www.loc.gov/MARC21/slim">

  <leader>00448nam a2200169Ia 4500</leader>
  <controlfield tag="008">230718s9999    xx            000 0 und d</controlfield>
  <datafield tag="020" ind1=" " ind2=" ">
    <subfield code="a">9789381075357</subfield>
  </datafield>
  <datafield tag="041" ind1=" " ind2=" ">
    <subfield code="a">eng</subfield>
  </datafield>
  <datafield tag="082" ind1=" " ind2=" ">
    <subfield code="a">621.1</subfield>
    <subfield code="b">ISR</subfield>
  </datafield>
  <datafield tag="100" ind1=" " ind2=" ">
    <subfield code="a">Israni A.R.</subfield>
  </datafield>
  <datafield tag="245" ind1=" " ind2=" ">
    <subfield code="a">Basic Mechanical Engineering</subfield>
  </datafield>
  <datafield tag="260" ind1=" " ind2=" ">
    <subfield code="c">2011</subfield>
    <subfield code="b">BS Publications</subfield>
  </datafield>
  <datafield tag="300" ind1=" " ind2=" ">
    <subfield code="a">652</subfield>
  </datafield>
  <datafield tag="365" ind1=" " ind2=" ">
    <subfield code="c">Rs.</subfield>
    <subfield code="b">325.00</subfield>
  </datafield>
  <datafield tag="700" ind1=" " ind2=" ">
    <subfield code="a">Israni A.R. &amp; Shah P.K.</subfield>
  </datafield>
  <datafield tag="906" ind1=" " ind2=" ">
    <subfield code="d">O:0388121-May-2014B:IN 101-Apr-2014</subfield>
    <subfield code="c">MECH</subfield>
    <subfield code="b">65</subfield>
  </datafield>
  <datafield tag="999" ind1=" " ind2=" ">
    <subfield code="c">336161</subfield>
    <subfield code="d">336161</subfield>
  </datafield>
  <datafield tag="952" ind1=" " ind2=" ">
    <subfield code="0">0</subfield>
    <subfield code="1">0</subfield>
    <subfield code="4">0</subfield>
    <subfield code="7">0</subfield>
    <subfield code="a">CCEP</subfield>
    <subfield code="b">CCEP</subfield>
    <subfield code="d">2014-05-21</subfield>
    <subfield code="e">Pradeep Book Distributors</subfield>
    <subfield code="f">MECH</subfield>
    <subfield code="g">260.00</subfield>
    <subfield code="i">IN 1</subfield>
    <subfield code="l">1</subfield>
    <subfield code="o">621.1</subfield>
    <subfield code="p">CCEP-BK-47368</subfield>
    <subfield code="r">2024-10-11 00:00:00</subfield>
    <subfield code="s">2024-09-25</subfield>
    <subfield code="t">65</subfield>
    <subfield code="v">325.00</subfield>
    <subfield code="w">2014-04-01</subfield>
    <subfield code="y">BK</subfield>
    <subfield code="z">047368</subfield>
  </datafield>
</record>
